• 首页
  • 本馆介绍
  • 公告通知
  • 最新文献
  • 馆藏检索
  • 电子资源
  • 读者导购
  • 参考咨询
  • 我的图书馆
  • 登录
  • 详细信息显示
  • 放入我的书架
  • 预约/预借图书
  • 作者相关作品
  • 分类相关作品
  • 丛书相关作品
  • 出版社相关作品

书目信息

  • 表格格式
  • 工作单格式
  • 卡片格式
题名:
性·健康
    
 
作者: 周荣祥 主编 ;祝海 编
分册:  
出版信息: 北京   人民卫生出版社  2006
页数: 254页
开本: 21cm
丛书名: 时尚生活与健康系列
单 册:
中图分类: R167
科图分类:
主题词: 性知识--基本知识 , 性知识
电子资源:
ISBN: 7-117-07229-6
000 00899oam2 2200277 450
001 010010013984
005 20061029101134.60
010    @a7-117-07229-6@dCNY18.00
100    @a20060213d2006 em y0chiy0110 ea
101 0  @achi
102    @aCN@b110000
105    @aa z 000yy
200 1  @a性·健康@9xing· jian kang@f周荣祥主编@g祝海等编@Gzhu hai deng bian
210    @a北京@c人民卫生出版社@d2006
215    @a254页@c图@d21cm
225 2  @a时尚生活与健康系列
330    @a本书将以科学的观点,通俗的语言,生动的文字,图文并茂的形式,重点阐述人们最为关注的性、愉悦、健康的相关问题。
461  0 @12001 @a时尚生活与健康系列@1701 0@a张七一@4总主编
510 1  @aSex·Health@zeng
606 0  @a性知识@x基本知识
606 0  @a性知识
690    @aR167@v4
701  0 @a周荣祥@9zhou rong xiang@4主编
702  0 @a祝海@9zhu hai@4编
801  0 @aCN@bRENTIAN@c20061029
905    @a10447@dR167@e102
    
    性·健康/周荣祥主编/祝海等编.-北京:人民卫生出版社,2006
    254页:图;21cm.-(时尚生活与健康系列)
    
    
    ISBN 7-117-07229-6:CNY18.00
    本书将以科学的观点,通俗的语言,生动的文字,图文并茂的形式,重点阐述人们最为关注的性、愉悦、健康的相关问题。
●
相关链接 在E读中查询图书 在五车中查询图书 在当当中查询图书 在豆瓣中查询图书


正题名:性·健康     索取号:R167/102         预约/预借

序号 登录号 条形码 馆藏地/架位号 状态 备注
1 0388087   203880871   第二样本阅览室/ [索取号:R167/102] 在馆    
2 0388088   203880880   第三借阅区/ [索取号:R167/102] 在馆    
3 0388089   203880899   第三借阅区/ [索取号:R167/102] 在馆    
4 0388090   203880906   教育系资料室/ [索取号:R167/102] 在馆    
5 0388091   203880915   教育系资料室/ [索取号:R167/102] 在馆    
唐山师范学院图书馆 欢迎您!
大连网信软件有限公司© 版权所有